000 00660cas a2200157 4500
008 160229n eng u
022 _a0018-7895
035 _a(Sirsi) a195218
050 _aZ733. H8Q8
245 _aTHE HUNTINGTON LIBRARY QUARTERLY.
260 _aCarlifornia
_b Huntington Library and Arts Gallery
_c 1984.
310 _aQuarterly.
362 _aVol.31, No.1, 1967 - Vol.47, No.3, 1984.
520 _aPublishes scholarly articles with special attention to the research fields of the Huntington library collections,concentrating on the literature,history and art of the 16th to 18th centuries in Britain and America.
650 _aLibraries.
999 _c9963
_d9963